Clinical Anatomy of the Lumbar Spine and Sacrum (Record no. 66)

MARC details
000 -LEADER
fixed length control field 00626nam a22002297a 4500
003 - CONTROL NUMBER IDENTIFIER
control field OSt
005 - DATE AND TIME OF LATEST TRANSACTION
control field 20220922170547.0
008 - FIXED-LENGTH DATA ELEMENTS--GENERAL INFORMATION
fixed length control field 140701b xxu||||| |||| 00| 0 eng d
020 ## - INTERNATIONAL STANDARD BOOK NUMBER
International Standard Book Number 0443101191
040 ## - CATALOGING SOURCE
Transcribing agency LDC
082 ## - DEWEY DECIMAL CLASSIFICATION NUMBER
Classification number QS4 B634c 2005
100 ## - MAIN ENTRY--PERSONAL NAME
Personal name Bogduk, Nikolai; Endres, Steve
9 (RLIN) 197
245 ## - TITLE STATEMENT
Title Clinical Anatomy of the Lumbar Spine and Sacrum
250 ## - EDITION STATEMENT
Edition statement 4th ed.
260 ## - PUBLICATION, DISTRIBUTION, ETC. (IMPRINT)
Place of publication, distribution, etc. London :
Name of publisher, distributor, etc. Elsevier Churchill Livingstone ,
Date of publication, distribution, etc. 2005.
300 ## - PHYSICAL DESCRIPTION
Extent xii, 250 p. :
Other physical details col. ill
Dimensions 26 cm.
504 ## - BIBLIOGRAPHY, ETC. NOTE
Bibliography, etc Includes index
650 ## - SUBJECT ADDED ENTRY--TOPICAL TERM
Topical term or geographic name as entry element Anatomy
9 (RLIN) 124
650 ## - SUBJECT ADDED ENTRY--TOPICAL TERM
Topical term or geographic name as entry element Spine
9 (RLIN) 16355
650 ## - SUBJECT ADDED ENTRY--TOPICAL TERM
Topical term or geographic name as entry element Sacrum
9 (RLIN) 16356
942 ## - ADDED ENTRY ELEMENTS (KOHA)
Source of classification or shelving scheme Other/Generic Classification Scheme
Koha item type Open Shelf
Holdings
Withdrawn status Lost status Source of classification or shelving scheme Damaged status Not for loan Home library Current library Date acquired Source of acquisition Inventory number Total Checkouts Full call number Barcode Date last seen Koha item type
    Other/Generic Classification Scheme     MUST Main Library MUST Main Library 01/07/2014 Purchase 10/32744   QS4 B634c 2005 2014-0081 01/07/2014 Open Shelf